000 00306nam a22001337a 4500
008 171019b xxu||||| |||| 00| 0 eng d
020 _a9780135539675
041 _aeng
080 _a338
100 _a338
101 _aMEN
245 _aMANAGEMENT PRINCIPLES AND PRACTICE
_cHOLT.D.H
942 _2udc
_cBK
999 _c34924
_d34924